[Event "Let's Play Chess!"]
[Site "http://www.queenalice.com/game.php?id=1217940"]
[Date "2013.9.18"]
[Round "-"]
[White "Lazarus"]
[Black "spawnwolfwolverine"]
[Result "0-1"]
[WhiteElo "1560"]
[BlackElo "1668"]

1. e4 e5 2. f4 exf4 3. Nf3 d6 4. Bc4 Bg4 5. Nc3 Nf6 6. O-O Nc6 7. d3 Be7 8. Bxf4
Nd4 9. Kh1 Bxf3 10. Rxf3 Nxf3 11. Qxf3 O-O 0-1

[Event "Let's Play Chess!"]
[Site "http://www.queenalice.com/game.php?id=1217941"]
[Date "2013.9.18"]
[Round "-"]
[White "spawnwolfwolverine"]
[Black "Lazarus"]
[Result "1-0"]
[WhiteElo "1671"]
[BlackElo "1585"]

1. d4 Nf6 2. e3 e6 3. g3 Nc6 4. Bg2 b6 5. Ne2 Bb7 6. O-O Be7 7. b3 O-O 8. Bb2
Rb8 9. Nd2 d6 10. c4 d5 11. cxd5 exd5 12. a4 Bd6 13. Ba3 1-0

[Event "Let's Play Chess!"]
[Site "http://www.queenalice.com/game.php?id=1217942"]
[Date "2013.9.18"]
[Round "-"]
[White "Lazarus"]
[Black "spawnwolfwolverine"]
[Result "0-1"]
[WhiteElo "1548"]
[BlackElo "1689"]

1. e4 e5 2. f4 exf4 3. Nf3 d6 4. Bc4 Nc6 5. O-O Bg4 6. Nc3 Nd4 7. Ne5 dxe5 8.
Qxg4 Nxc2 9. Rb1 Bc5+ 10. Kh1 Nf6 11. Qd1 Nd4 12. d3 c6 0-1

[Event "Let's Play Chess!"]
[Site "http://www.queenalice.com/game.php?id=1217943"]
[Date "2013.9.18"]
[Round "-"]
[White "spawnwolfwolverine"]
[Black "Lazarus"]
[Result "1-0"]
[WhiteElo "1699"]
[BlackElo "1538"]

1. d4 Nf6 2. e3 e6 3. g3 Nc6 4. Bg2 b6 5. Ne2 Bb7 6. O-O Be7 7. b3 O-O 8. Bb2
Rb8 9. Nd2 d6 10. c4 d5 11. cxd5 1-0

[Event "Let's Play Chess!"]
[Site "http://www.queenalice.com/game.php?id=1217945"]
[Date "2013.9.18"]
[Round "-"]
[White "Lazarus"]
[Black "paolop69"]
[Result "0-1"]
[WhiteElo "1475"]
[BlackElo "1624"]

1. e4 e5 2. f4 Qh4+ 3. g3 Qe7 4. Nc3 c6 5. Nf3 d6 6. Bc4 h6 7. fxe5 dxe5 8. d4
Nd7 9. O-O Nb6 10. Nxe5 Be6 0-1

[Event "Let's Play Chess!"]
[Site "http://www.queenalice.com/game.php?id=1312279"]
[Date "2014.10.3"]
[Round "-"]
[White "Lazarus"]
[Black "Taurus"]
[Result "0-1"]
[WhiteElo "1506"]
[BlackElo "2114"]

1. e4 c5 2. d4 cxd4 3. c3 dxc3 4. Nxc3 e5 5. Nf3 Nc6 6. Bc4 h6 7. Be3 Bb4 8. Qd5
Qe7 9. Rc1 Nf6 10. Qd3 O-O 11. O-O d6 12. Rfd1 Rd8 13. Nd5 Nxd5 14. Qxd5 Be6 15.
Qb5 Bg4 16. Kh1 a6 17. Qa4 b5 18. Qb3 bxc4 19. Qxc4 Rdc8 20. h3 Bxf3 21. gxf3 a5
22. Rg1 Nd4 23. Qf1 Rxc1 24. Qxc1 Qh4 25. Bxh6 Qxh3# 0-1

[Event "Let's Play Chess!"]
[Site "http://www.queenalice.com/game.php?id=1312280"]
[Date "2014.10.3"]
[Round "-"]
[White "tucuman"]
[Black "Lazarus"]
[Result "1-0"]
[WhiteElo "1786"]
[BlackElo "1521"]

1. e4 e5 2. Bc4 Nf6 3. d3 Nc6 4. h3 Bc5 5. Nf3 d6 6. Ng5 d5 7. exd5 Nxd5 8. Qf3
Be6 9. Nxe6 fxe6 10. a3 Rf8 11. Qh5+ g6 12. Qxh7 Qf6 13. Bxd5 Qxf2+ 14. Kd1 exd5
15. Qxg6+ Kd7 16. Qg4+ Rf5 17. Bd2 Be3 18. Bxe3 1-0

[Event "Let's Play Chess!"]
[Site "http://www.queenalice.com/game.php?id=1312282"]
[Date "2014.10.3"]
[Round "-"]
[White "tucuman"]
[Black "Lazarus"]
[Result "1-0"]
[WhiteElo "1779"]
[BlackElo "1511"]

1. e4 c5 2. c4 Nc6 3. d3 d6 4. Nc3 Nf6 5. h3 Nd4 6. Nf3 g6 7. Nxd4 cxd4 8. Nd5
Bg7 9. Nxf6+ Bxf6 10. Be2 O-O 11. Bh6 Bg7 12. Bxg7 Kxg7 13. O-O Bd7 14. Bg4 Bxg4
15. Qxg4 Rc8 16. b3 Qc7 17. f4 e6 18. h4 d5 19. e5 f5 20. Qg3 1-0

[Event "Let's Play Chess!"]
[Site "http://www.queenalice.com/game.php?id=1312285"]
[Date "2014.10.3"]
[Round "-"]
[White "Lazarus"]
[Black "tucuman"]
[Result "0-1"]
[WhiteElo "1504"]
[BlackElo "1774"]

1. e4 e5 2. f4 d6 3. Nf3 Bg4 4. Bc4 exf4 5. O-O Nf6 6. d3 Nh5 7. Nc3 Be7 8. h3
Be6 9. Bxe6 fxe6 10. Nd4 Nf6 11. Qf3 Qd7 12. Bxf4 Nc6 13. b4 Nxd4 14. Qf2 e5 15.
Bg3 O-O-O 16. Rab1 h5 17. b5 b6 18. a4 g5 19. a5 h4 20. Bh2 Rdg8 21. axb6 cxb6
0-1

[Event "Let's Play Chess!"]
[Site "http://www.queenalice.com/game.php?id=1312286"]
[Date "2014.10.3"]
[Round "-"]
[White "tucuman"]
[Black "Lazarus"]
[Result "1-0"]
[WhiteElo "1791"]
[BlackElo "1516"]

1. e4 e5 2. Bc4 Nf6 3. d3 Nc6 4. Nf3 Bc5 5. h3 d6 6. a3 O-O 7. Nc3 Be6 8. Nd5 a6
9. Nxf6+ Qxf6 10. Bxe6 fxe6 11. O-O d5 12. exd5 exd5 13. c3 e4 14. dxe4 dxe4 15.
Nd4 Rad8 16. Be3 Ne5 17. Qe2 Nc6 18. Nxc6 1-0

[Event "Let's Play Chess!"]
[Site "http://www.queenalice.com/game.php?id=1312288"]
[Date "2014.10.3"]
[Round "-"]
[White "Taurus"]
[Black "Lazarus"]
[Result "1-0"]
[WhiteElo "2103"]
[BlackElo "1523"]

1. d4 e6 2. e4 d6 3. Nf3 Nf6 4. Nc3 Nc6 5. Bd3 b6 6. Bb5 Bb7 7. d5 exd5 8. exd5
Qd7 9. dxc6 Bxc6 10. Bxc6 Qxc6 11. Qe2+ Be7 12. O-O Kd7 13. Rd1 Rae8 14. Ne5+
1-0

[Event "Let's Play Chess!"]
[Site "http://www.queenalice.com/game.php?id=1357581"]
[Date "2015.5.6"]
[Round "-"]
[White "Lazarus"]
[Black "Bategoll"]
[Result "0-1"]
[WhiteElo "1487"]
[BlackElo "1806"]

1. e4 e5 2. f4 d5 3. exd5 exf4 4. Nf3 Qxd5 5. Nc3 Qd8 6. Bc4 Bc5 7. d4 Be7 8.
Bxf4 Bd6 9. Be3 Nf6 10. O-O O-O 11. Qe2 Nc6 12. Rae1 Bg4 13. Qf2 Bh5 14. Nd5 Bg6
15. Nh4 Nxd5 16. Nxg6 fxg6 17. Bxd5+ Kh8 18. Qd2 Qh4 19. Bg5 Qxh2# 0-1

[Event "Let's Play Chess!"]
[Site "http://www.queenalice.com/game.php?id=1357582"]
[Date "2015.5.5"]
[Round "-"]
[White "josebaron"]
[Black "Lazarus"]
[Result "1-0"]
[WhiteElo "2056"]
[BlackElo "1492"]

1. e4 e5 2. Bc4 Nf6 3. Nc3 d5 4. exd5 c6 5. dxc6 Nxc6 6. d3 Bc5 7. Nf3 O-O 8.
O-O Bg4 9. h3 Bxf3 10. Qxf3 Qc7 11. Ne4 Nd4 12. Nxf6+ gxf6 13. Qxf6 Ne2+ 14. Kh1
Rac8 15. Bh6 1-0

[Event "Let's Play Chess!"]
[Site "http://www.queenalice.com/game.php?id=1357584"]
[Date "2015.5.5"]
[Round "-"]
[White "Bategoll"]
[Black "Lazarus"]
[Result "1-0"]
[WhiteElo "1809"]
[BlackElo "1495"]

1. d4 d5 2. Nf3 e5 3. Nxe5 Bd7 4. Nxf7 Kxf7 5. e4 Bb4+ 6. c3 Ba5 7. Qh5+ Kf8 8.
Qxd5 Nf6 9. Qxa5 Kf7 10. e5 Re8 11. Bc4+ Kf8 12. Bg5 Nc6 13. Qa3+ Re7 14. O-O
Ng8 15. Bxe7+ Ngxe7 16. Nd2 1-0

[Event "Let's Play Chess!"]
[Site "http://www.queenalice.com/game.php?id=1357585"]
[Date "2015.5.5"]
[Round "-"]
[White "Lazarus"]
[Black "Bategoll"]
[Result "0-1"]
[WhiteElo "1490"]
[BlackElo "1812"]

1. e4 e5 2. f4 d5 3. exd5 Qxd5 4. Nc3 Qd8 5. Nf3 exf4 6. Bc4 Nf6 7. O-O Bd6 8.
d4 a6 9. Bb3 O-O 10. Qe2 Bg4 11. Qf2 Nc6 12. Ng5 b6 13. Bxf4 Bh5 14. Nd5 Nxd5
15. Bxd5 Nxd4 16. Qxd4 Bc5 17. Qxc5 bxc5 0-1

[Event "Let's Play Chess!"]
[Site "http://www.queenalice.com/game.php?id=1357587"]
[Date "2015.5.6"]
[Round "-"]
[White "Lazarus"]
[Black "fontaine"]
[Result "0-1"]
[WhiteElo "1484"]
[BlackElo "2795"]

1. e4 d6 2. d4 Nf6 3. Nc3 g6 4. Bc4 Bg7 5. Nf3 O-O 6. O-O Nxe4 7. Bg5 Nxg5 8.
Nxg5 e5 9. Qf3 Qxg5 10. Rad1 Nc6 0-1